[Event "DMP - III LIGA SZACHOWA SENIOROW PK 2016"]
[Site "Czudec"]
[Date "2016.??.??"]
[Round "9.1"]
[White "Zaskalski, Pawel"]
[Black "Czajkowski, Ryszard"]
[Result "1/2-1/2"]
[WhiteElo "2160"]
[BlackElo "2076"]
[Annotator "Szachy"]
[PlyCount "41"]
[EventDate "2016.??.??"]

1. d4 {[%emt 0:00:00]} Nf6 2. c4 g6 3. d5 Bg7 4. Nc3 d6 5. e4 e6 6. Nf3 exd5 7.
cxd5 O-O 8. Bd3 c6 9. dxc6 bxc6 10. O-O Re8 11. h3 Nbd7 12. Bc4 Nb6 13. Bb3 Ba6
14. Re1 d5 15. exd5 Rxe1+ 16. Qxe1 Nfxd5 17. Bg5 Qd7 18. Rd1 Re8 19. Qd2 Bc4
20. Nxd5 Bxd5 21. Bxd5 1/2-1/2

[Event "DMP - III LIGA SZACHOWA SENIOROW PK 2016"]
[Site "Czudec"]
[Date "2016.??.??"]
[Round "9.2"]
[White "Czarnecki, Wojciech"]
[Black "Zaskalski, Arkadiusz"]
[Result "0-1"]
[WhiteElo "2014"]
[BlackElo "2158"]
[Annotator "Szachy"]
[PlyCount "56"]
[EventDate "2016.??.??"]

1. e4 {[%emt 0:00:00]} c5 {[%emt 0:00:00]} 2. Nc3 {[%emt 0:00:00]} Nc6 {[%emt
0:00:00]} 3. f4 g6 4. Nf3 Bg7 5. Bc4 e6 6. O-O Nge7 7. a4 O-O 8. Qe1 d5 9. Ba2
dxe4 10. Nxe4 b6 11. Kh1 Nf5 12. d3 Ncd4 13. Nxd4 Nxd4 14. Qf2 Bb7 15. Bc4 Bd5
16. Bxd5 exd5 17. Ng3 f5 18. Rb1 Rc8 19. c3 Nb3 20. Qc2 c4 21. Bd2 Qd7 22. Rbe1
Qxa4 23. Ne2 Nc5 24. Qxa4 Nxa4 25. dxc4 Nxb2 26. Nd4 Nxc4 27. Bc1 Bxd4 28. cxd4
b5 0-1

[Event "DMP - III LIGA SZACHOWA SENIOROW PK 2016"]
[Site "Czudec"]
[Date "2016.??.??"]
[Round "9.3"]
[White "Kopacz, Lukasz"]
[Black "Baniak, Lukasz"]
[Result "1-0"]
[WhiteElo "1937"]
[BlackElo "1844"]
[Annotator "Szachy"]
[PlyCount "24"]
[EventDate "2016.??.??"]

1. c4 {[%emt 0:00:00]} e5 {[%emt 0:00:00]} 2. g3 {[%emt 0:00:00]} Nf6 3. Bg2 {
[%emt 0:00:00]} Nc6 {[%emt 0:00:00]} 4. Nc3 Bb4 5. Nd5 O-O 6. Nxb4 Nxb4 7. a3
Nc6 8. d3 h6 9. Nf3 d6 10. O-O Nh5 11. e3 Qe7 12. Nd2 Nf6 1-0

[Event "DMP - III LIGA SZACHOWA SENIOROW PK 2016"]
[Site "Czudec"]
[Date "2016.??.??"]
[Round "9.4"]
[White "Nowicki, Andrzej"]
[Black "Zaskalski, Dawid"]
[Result "1/2-1/2"]
[WhiteElo "1845"]
[BlackElo "1911"]
[Annotator "Szachy"]
[PlyCount "115"]
[EventDate "2016.??.??"]

1. e4 {[%emt 0:00:00]} e5 {[%emt 0:00:00]} 2. Nc3 Bc5 3. Bc4 Nf6 4. d3 d6 5.
Bg5 Be6 6. Bb3 Nc6 7. Qd2 O-O 8. Nge2 Nd4 9. Ng3 Nxb3 10. axb3 h6 11. Be3 Bxe3
12. Qxe3 a6 13. O-O Nh7 14. f4 Qh4 15. fxe5 dxe5 16. Nf5 Bxf5 17. Rxf5 Nf6 18.
Qe2 Rae8 19. Raf1 c6 20. h3 Qg3 21. R1f3 Qg6 22. Qf2 Qh7 23. Qg3 Qg6 24. Rxe5
Rxe5 25. Qxe5 Re8 26. Qf5 Qxf5 27. Rxf5 Nd7 28. d4 g6 29. Rf3 Kg7 30. Kf2 b5
31. b4 Nb6 32. b3 Rd8 33. Ke3 Ra8 34. d5 cxd5 35. exd5 Rc8 36. Kd4 f6 37. Re3
Kf7 38. Re2 f5 39. d6 Rc6 40. Re7+ Kf8 41. Rb7 Rxd6+ 42. Kc5 Nc8 43. Rb8 Rd8
44. Nd5 Ke8 45. Nc7+ Kf7 46. Nxa6 Rd2 47. c4 bxc4 48. bxc4 Ne7 49. b5 Rxg2 50.
Kd4 f4 51. Ke4 Rc2 52. c5 Rc4+ 53. Kf3 Nd5 54. b6 Rc3+ 55. Kf2 Rc2+ 56. Kf3
Rc3+ 57. Kf2 Rc2+ 58. Kf3 1/2-1/2

[Event "DMP - III LIGA SZACHOWA SENIOROW PK 2016"]
[Site "Czudec"]
[Date "2016.??.??"]
[Round "9.6"]
[White "Burdzy, Joanna"]
[Black "Godek, Martyna"]
[Result "1-0"]
[WhiteElo "1660"]
[BlackElo "1435"]
[Annotator "Szachy"]
[PlyCount "65"]
[EventDate "2016.??.??"]

1. e4 {[%emt 0:00:00]} e5 {[%emt 0:00:00]} 2. Nc3 Nf6 3. Nf3 Nc6 4. Bc4 Bc5 5.
O-O O-O 6. d3 h6 7. Na4 Bb6 8. Nxb6 axb6 9. c3 d6 10. Bb3 Bg4 11. h3 Bh5 12.
Qe2 Qd7 13. Qe3 Bg6 14. Nh4 Bh7 15. f4 exf4 16. Qxf4 Ne5 17. Qg3 Nh5 18. Qe3
Kh8 19. Kh2 f5 20. Qe2 Nf6 21. Nxf5 Bxf5 22. Rxf5 Rae8 23. Be3 d5 24. Raf1 dxe4
25. d4 Nd3 26. Kh1 Nh7 27. Bf7 Ra8 28. Bxh6 gxh6 29. Qxe4 Nxb2 30. Qe5+ Nf6 31.
Qxf6+ Kh7 32. Qg6+ Kh8 33. Qxh6# 1-0

[Event "DMP - III LIGA SZACHOWA SENIOROW PK 2016"]
[Site "Czudec"]
[Date "2016.??.??"]
[Round "9.7"]
[White "Augustyn, Sebastian"]
[Black "Mroczek, Jacek"]
[Result "1/2-1/2"]
[WhiteElo "2106"]
[BlackElo "1923"]
[Annotator "Szachy"]
[PlyCount "67"]
[EventDate "2016.??.??"]

1. e4 {[%emt 0:00:00]} e6 {[%emt 0:00:00]} 2. d4 {[%emt 0:00:00]} d5 {[%emt 0:
00:03]} 3. Nc3 {[%emt 0:00:00]} Bb4 4. exd5 exd5 5. Bd3 Nc6 6. a3 Ba5 7. Nge2
Bg4 8. Be3 Nge7 9. h3 Bh5 10. Qd2 Bg6 11. Nf4 Qd7 12. O-O O-O-O 13. b4 Bb6 14.
Nce2 Nf5 15. Nxg6 hxg6 16. c3 Nce7 17. a4 c6 18. Bf4 Nh4 19. Qe3 f6 20. a5 Bc7
21. Bxc7 Qxc7 22. b5 Qd7 23. bxc6 Nxc6 24. Rfb1 Rh5 25. Ng3 Nxg2 26. Kxg2 Qxh3+
27. Kf3 f5 28. Qe6+ Kc7 29. Rh1 Qg4+ 30. Kg2 Rxh1 31. Rxh1 Rd6 32. Qe2 Qg5 33.
Rf1 Rd7 34. Qe1 1/2-1/2

[Event "DMP - III LIGA SZACHOWA SENIOROW PK 2016"]
[Site "Czudec"]
[Date "2016.??.??"]
[Round "9.8"]
[White "Zadlo, Roman"]
[Black "Miskiewicz, Kamil"]
[Result "1-0"]
[WhiteElo "2008"]
[BlackElo "1768"]
[Annotator "Szachy"]
[PlyCount "61"]
[EventDate "2016.??.??"]

1. d4 {[%emt 0:00:00]} Nf6 {[%emt 0:00:00]} 2. c4 e6 3. Nc3 b6 4. e4 Bb7 5. Bd3
Bb4 6. f3 c5 7. d5 Bxc3+ 8. bxc3 d6 9. Ne2 Nbd7 10. O-O O-O 11. Ng3 Re8 12. f4
Qc7 13. Qf3 Nf8 14. Bd2 Re7 15. Rae1 Rae8 16. Nh5 Nxh5 17. Qxh5 exd5 18. cxd5
f6 19. c4 Qd7 20. g4 Bc8 21. g5 fxg5 22. Qxg5 Qg4+ 23. Qxg4 Bxg4 24. Kf2 Nd7
25. Bc3 Bh5 26. Kg3 Kf7 27. e5 Nf8 28. e6+ Kg8 29. f5 Rb7 30. Kh4 g6 31. f6 1-0

[Event "DMP - III LIGA SZACHOWA SENIOROW PK 2016"]
[Site "Czudec"]
[Date "2016.??.??"]
[Round "9.9"]
[White "Uryasz, Tomasz"]
[Black "Lusio, Daniel"]
[Result "1/2-1/2"]
[WhiteElo "1582"]
[BlackElo "1877"]
[Annotator "Szachy"]
[PlyCount "72"]
[EventDate "2016.??.??"]

1. e4 {[%emt 0:00:00]} c6 {[%emt 0:00:00]} 2. d4 {[%emt 0:00:00]} d5 {[%emt 0:
00:00]} 3. e5 e6 4. f4 c5 5. Nf3 Nc6 6. c3 a5 7. Na3 cxd4 8. cxd4 Bd7 9. Nc2
Rc8 10. Bd3 Nge7 11. O-O Qb6 12. a3 Nf5 13. Be2 Be7 14. g4 Nh6 15. h3 f6 16.
Kh1 fxe5 17. fxe5 Nf7 18. Bd3 O-O 19. Rb1 Qd8 20. Be3 Ng5 21. Nxg5 Rxf1+ 22.
Qxf1 Bxg5 23. Qf3 Bxe3 24. Qxe3 Qe7 25. Rf1 Rf8 26. Rxf8+ Qxf8 27. Kg2 Qe7 28.
Ne1 Nd8 29. Nf3 b5 30. Kg3 Nf7 31. g5 Be8 32. g6 hxg6 33. Bxg6 Nh6 34. Bd3 b4
35. axb4 axb4 36. Qg5 Qd7 1/2-1/2

[Event "DMP - III LIGA SZACHOWA SENIOROW PK 2016"]
[Site "Czudec"]
[Date "2016.??.??"]
[Round "9.10"]
[White "Klis, Michal"]
[Black "Rogus, Sylwester"]
[Result "1/2-1/2"]
[WhiteElo "1654"]
[BlackElo "1609"]
[Annotator "Szachy"]
[PlyCount "55"]
[EventDate "2016.??.??"]

1. e4 e5 2. Nf3 {[%emt 0:00:00]} Nc6 {[%emt 0:00:00]} 3. Nc3 Nf6 4. d4 exd4 5.
Nxd4 d6 6. Bc4 Nxd4 7. Qxd4 Be6 8. O-O Be7 9. f4 Bxc4 10. Qxc4 O-O 11. Be3 c6
12. Rad1 Qc8 13. Bd4 Rd8 14. Bxf6 Bxf6 15. e5 d5 16. Qd3 Be7 17. Rf3 f5 18.
Rdf1 Qe6 19. Rh3 c5 20. Rff3 Rd7 21. g4 fxg4 22. Qxh7+ Kf7 23. f5 Qxe5 24. Qh5+
Kg8 25. Qh8+ Kf7 26. Qh5+ Kg8 27. Qh8+ Kf7 28. Qh5+ 1/2-1/2

[Event "DMP - III LIGA SZACHOWA SENIOROW PK 2016"]
[Site "Czudec"]
[Date "2016.??.??"]
[Round "9.11"]
[White "Wolak, Julia"]
[Black "Pondo, Augustyn"]
[Result "1-0"]
[WhiteElo "1274"]
[BlackElo "1423"]
[Annotator "Szachy"]
[PlyCount "93"]
[EventDate "2016.??.??"]

1. e4 {[%emt 0:00:00]} e5 2. Nf3 Nf6 3. Bb5 a6 4. Ba4 Nc6 5. O-O b5 6. Bb3 Be7
7. Re1 d6 8. c3 Bg4 9. d3 Na5 10. Bc2 c5 11. Nbd2 O-O 12. h3 Bxf3 13. Nxf3 Qc7
14. a4 Rfc8 15. Bd2 c4 16. d4 Nd7 17. Nh2 Rab8 18. axb5 Rxb5 19. Ra2 Rcb8 20.
Qa1 Qb6 21. Ba4 Nb3 22. Bxb3 Rxb3 23. Rxa6 Qd8 24. Rb1 R3b6 25. Nf3 Qc7 26. Be3
Rxa6 27. Qxa6 Qc8 28. Qxc8+ Rxc8 29. b4 cxb3 30. Rxb3 Kf8 31. Nd2 f6 32. d5 Bd8
33. Rb7 Ke8 34. Rb3 Ba5 35. Nb1 Rb8 36. Rxb8+ Nxb8 37. c4 Bb4 38. Nd2 Bxd2 39.
Bxd2 Kd7 40. Kf1 Na6 41. Ke2 Kc7 42. f4 Kb6 43. fxe5 fxe5 44. Be3+ Ka5 45. Kd3
Ka4 46. c5 dxc5 47. Kc4 1-0

[Event "DMP - III LIGA SZACHOWA SENIOROW PK 2016"]
[Site "Czudec"]
[Date "2016.??.??"]
[Round "9.12"]
[White "Starzec, Klaudia"]
[Black "Pedrak, Paulina"]
[Result "0-1"]
[WhiteElo "1275"]
[BlackElo "1572"]
[Annotator "Szachy"]
[PlyCount "144"]
[EventDate "2016.??.??"]

1. d4 {[%emt 0:00:00]} d5 {[%emt 0:00:00]} 2. e3 e6 3. Bd3 c5 4. c3 c4 5. Bc2
b5 6. Nf3 Nc6 7. O-O Bd6 8. e4 Nge7 9. Be3 O-O 10. e5 Bc7 11. Nbd2 Ng6 12. g3
a5 13. h4 f5 14. exf6 Qxf6 15. h5 Nge7 16. Kg2 h6 17. Nh4 e5 18. dxe5 Bxe5 19.
f4 Bc7 20. Ng6 Nxg6 21. Bxg6 Bf5 22. Bxf5 Qxf5 23. g4 Qd3 24. Rf3 Rfe8 25. Nf1
Qe4 26. Ng3 Qe6 27. Nf5 Ne7 28. Nxe7+ Rxe7 29. Kh3 Qe4 30. Bc5 Rf7 31. f5 Kh7
32. Re3 Qf4 33. Qe2 Re8 34. Rh1 Re4 35. Qf3 Rxe3 36. Qxe3 Qxe3+ 37. Bxe3 Re7
38. Bc1 Re2 39. g5 hxg5 40. Kg4 Rg2+ 41. Kf3 Rg3+ 42. Ke2 Bf4 43. Bxf4 gxf4 44.
Rh2 Rg5 45. Kf3 Rxf5 46. Kg4 Rf7 47. Rf2 Kh6 48. Rf3 Re7 49. Rxf4 Re4 50. Kf3
Rxf4+ 51. Kxf4 Kxh5 52. Ke5 g5 53. Kxd5 Kh4 54. Kc5 g4 55. Kxb5 g3 56. Kxa5 g2
57. Kb4 g1=Q 58. Kxc4 Qg8+ 59. Kc5 Qxa2 60. b4 Qa7+ 61. Kb5 Qb7+ 62. Kc5 Qc7+
63. Kd4 Kg5 64. b5 Kf5 65. c4 Qe5+ 66. Kd3 Qc5 67. Kc3 Ke4 68. Kb3 Kd4 69. Ka4
Qxc4+ 70. Ka5 Kd5 71. Kb6 Kd6 72. Ka6 Kc5 0-1

[Event "DMP - III LIGA SZACHOWA SENIOROW PK 2016"]
[Site "Czudec"]
[Date "2016.??.??"]
[Round "9.13"]
[White "Gierulski, Kamil"]
[Black "Sendera, Jaroslaw"]
[Result "1/2-1/2"]
[WhiteElo "2165"]
[BlackElo "2290"]
[Annotator "Szachy"]
[PlyCount "27"]
[EventDate "2016.??.??"]

1. e4 {[%emt 0:00:00]} c5 {[%emt 0:00:00]} 2. Nf3 {[%emt 0:00:00]} d6 {[%emt 0:
00:04]} 3. c3 {[%emt 0:00:00]} Nf6 {[%emt 0:00:00]} 4. Be2 {[%emt 0:00:03]} Bd7
5. e5 dxe5 6. Nxe5 Nc6 7. Nxd7 Qxd7 8. d3 e6 9. O-O Be7 10. a4 O-O 11. Na3 Nd5
12. Nc4 Rfd8 13. Qb3 Rab8 14. Bf3 1/2-1/2

[Event "DMP - III LIGA SZACHOWA SENIOROW PK 2016"]
[Site "Czudec"]
[Date "2016.??.??"]
[Round "9.14"]
[White "Rawicz, Karol"]
[Black "Miasik, Adrian"]
[Result "1-0"]
[WhiteElo "2228"]
[BlackElo "1903"]
[Annotator "Szachy"]
[PlyCount "71"]
[EventDate "2016.??.??"]

1. d4 {[%emt 0:00:00]} d5 2. c4 e6 3. Nc3 c5 4. cxd5 exd5 5. Nf3 Nc6 6. g3 Nf6
7. Bg2 c4 8. O-O Bb4 9. Ne5 O-O 10. Qa4 Bxc3 11. bxc3 Re8 12. Nxc6 bxc6 13.
Qxc6 Bd7 14. Qc5 Qb6 15. Qxb6 axb6 16. Re1 Ne4 17. Bb2 Bc6 18. f3 Nf6 19. g4 h6
20. Kf2 b5 21. h4 Ra7 22. g5 hxg5 23. hxg5 Nh5 24. Bc1 g6 25. e4 Ng7 26. Re2
Rea8 27. a3 Re8 28. Raa2 Rae7 29. Re1 Nf5 30. Rae2 Ng7 31. Re3 Nh5 32. exd5
Rxe3 33. Rxe3 Rxe3 34. dxc6 Re7 35. d5 Ng7 36. d6 1-0

[Event "DMP - III LIGA SZACHOWA SENIOROW PK 2016"]
[Site "Czudec"]
[Date "2016.??.??"]
[Round "9.15"]
[White "Ziemniak, Piotr"]
[Black "Muc, Marcin"]
[Result "1-0"]
[WhiteElo "1769"]
[BlackElo "2128"]
[Annotator "Szachy"]
[PlyCount "127"]
[EventDate "2016.??.??"]

1. e4 {[%emt 0:00:00]} e5 {[%emt 0:00:00]} 2. Nc3 Nf6 3. Bc4 Bb4 4. Nge2 O-O 5.
O-O Nxe4 6. Bxf7+ Rxf7 7. Nxe4 d5 8. N4g3 Bd6 9. d4 e4 10. c4 Qh4 11. Qc2 dxc4
12. Qxc4 Bg4 13. h3 Bxe2 14. Qxe2 Nc6 15. Nxe4 Nxd4 16. Qd3 Re8 17. f3 Nf5 18.
Bg5 Qh5 19. Nxd6 Nxd6 20. Be3 a6 21. Rae1 Qf5 22. Qb3 Qb5 23. Qc3 Qc4 24. Qxc4
Nxc4 25. Bd4 Rd8 26. Bc3 Nd6 27. Rd1 Rfd7 28. Rf2 Nc4 29. Rxd7 Rxd7 30. Re2 Kf7
31. Re4 Nd6 32. Rh4 Nb5 33. Rf4+ Ke6 34. Bb4 b6 35. a4 Nd4 36. Kf2 c5 37. Bc3
Kd5 38. Bxd4 cxd4 39. Ke2 Kc4 40. Kd2 Kb3 41. Kd3 Kxb2 42. Rf8 Kb3 43. Rb8 b5
44. axb5 a5 45. Ra8 a4 46. b6 a3 47. Ra7 Rd8 48. Rxg7 a2 49. Ra7 Kb2 50. b7
a1=Q 51. Rxa1 Kxa1 52. f4 Kb2 53. g4 Kb3 54. f5 Kb4 55. b8=Q+ Rxb8 56. Kxd4
Rd8+ 57. Ke5 Kc5 58. f6 Re8+ 59. Kf5 Kd6 60. f7 Rf8 61. Kf6 Ra8 62. g5 Rb8 63.
h4 Ra8 64. h5 1-0

[Event "DMP - III LIGA SZACHOWA SENIOROW PK 2016"]
[Site "Czudec"]
[Date "2016.??.??"]
[Round "9.16"]
[White "Wozny, Tomasz"]
[Black "Babiarz, Mariusz"]
[Result "1/2-1/2"]
[WhiteElo "1758"]
[BlackElo "1888"]
[Annotator "Szachy"]
[PlyCount "57"]
[EventDate "2016.??.??"]

1. d4 {[%emt 0:00:00]} d5 {[%emt 0:00:00]} 2. Nf3 {[%emt 0:00:00]} e6 3. c4
dxc4 4. Nc3 a6 5. a4 Nc6 6. e3 Na5 7. Nd2 c5 8. Nxc4 Nf6 9. Be2 cxd4 10. Qxd4
Qxd4 11. exd4 Nxc4 12. Bxc4 Bb4 13. O-O O-O 14. Be3 Bd7 15. Bb3 Bc6 16. Rfd1
Nd5 17. Rac1 h6 18. Nxd5 exd5 19. Bd2 Bd6 20. Re1 Rfe8 21. Rxe8+ Rxe8 22. Re1
Rxe1+ 23. Bxe1 Kf8 24. g3 Ke7 25. f3 Ke6 26. Kf2 b5 27. axb5 Bxb5 28. Ba5 f5
29. f4 1/2-1/2

[Event "DMP - III LIGA SZACHOWA SENIOROW PK 2016"]
[Site "Czudec"]
[Date "2016.??.??"]
[Round "9.17"]
[White "Babiarz, Arkadiusz"]
[Black "Walczak, Konrad"]
[Result "0-1"]
[WhiteElo "1656"]
[BlackElo "1755"]
[Annotator "Szachy"]
[PlyCount "82"]
[EventDate "2016.??.??"]

1. e4 {[%emt 0:00:00]} c6 {[%emt 0:00:00]} 2. c4 {[%emt 0:00:00]} d6 {[%emt 0:
00:04]} 3. d4 {[%emt 0:00:00]} g6 4. Nc3 Qc7 5. Nf3 Bg7 6. Be2 e5 7. dxe5 dxe5
8. Be3 b6 9. Qd2 Ne7 10. O-O O-O 11. Rfd1 Bg4 12. b4 Na6 13. a3 Rad8 14. Qc2
Nb8 15. Rac1 h6 16. c5 b5 17. Bxb5 cxb5 18. Nxb5 Qb7 19. Nd6 Qc7 20. Qb2 Nc8
21. b5 Nxd6 22. cxd6 Rxd6 23. Re1 Qd7 24. Bc5 Bxf3 25. gxf3 Rd2 26. Qb4 Rd8 27.
Be7 Bf8 28. Bxf8 Rxf8 29. Qa5 Qd4 30. Re3 Rxf2 31. Kxf2 Qb2+ 32. Re2 Qxc1 33.
Qxa7 Qh1 34. Kg3 Qd1 35. Rb2 Nd7 36. Qe3 Nf6 37. b6 Nh5+ 38. Kh4 Qd8+ 39. Kg4
Qd7+ 40. Kh4 g5+ 41. Kxh5 Qh3# 0-1

[Event "DMP - III LIGA SZACHOWA SENIOROW PK 2016"]
[Site "Czudec"]
[Date "2016.??.??"]
[Round "9.18"]
[White "Wolowiec-musial, Malgorzata"]
[Black "Posuniak, Weronika"]
[Result "1/2-1/2"]
[WhiteElo "1857"]
[BlackElo "1740"]
[Annotator "Szachy"]
[PlyCount "94"]
[EventDate "2016.??.??"]

1. d4 {[%emt 0:00:00]} d5 {[%emt 0:00:00]} 2. c4 {[%emt 0:00:00]} c6 {[%emt 0:
00:04]} 3. cxd5 cxd5 4. Nc3 Nc6 5. Nf3 Nf6 6. Bf4 a6 7. h3 e6 8. e3 Bd6 9. Bxd6
Qxd6 10. Bd3 O-O 11. O-O e5 12. dxe5 Nxe5 13. Nd4 Nxd3 14. Qxd3 Re8 15. Nde2
Qe5 16. Qd4 Qxd4 17. Nxd4 Be6 18. Rfd1 Ne4 19. Nxe4 dxe4 20. Nxe6 Rxe6 21. Rd7
Rb6 22. Rad1 Re8 23. b3 Kf8 24. Rc7 Rbe6 25. Rxb7 R6e7 26. Rdd7 Rxd7 27. Rxd7
Rc8 28. Rd2 Ke7 29. Kh2 Ke6 30. Kg3 f5 31. Kf4 h6 32. g4 g5+ 33. Kg3 f4+ 34.
exf4 Rc3+ 35. Kh2 gxf4 36. h4 Ke5 37. g5 hxg5 38. hxg5 e3 39. fxe3 fxe3 40. Rg2
Kf4 41. g6 Rc8 42. g7 Rg8 43. Kg1 Kf3 44. Rg6 e2 45. Rf6+ Ke3 46. Re6+ Kf3 47.
Rf6+ Ke3 1/2-1/2

[Event "DMP - III LIGA SZACHOWA SENIOROW PK 2016"]
[Site "Czudec"]
[Date "2016.??.??"]
[Round "9.19"]
[White "Piekarski, Lukasz"]
[Black "Smola, Michal"]
[Result "0-1"]
[WhiteElo "1971"]
[BlackElo "2128"]
[Annotator "Szachy"]
[PlyCount "58"]
[EventDate "2016.??.??"]

1. e4 {[%emt 0:00:00]} c5 {[%emt 0:00:00]} 2. c4 g6 3. g3 Bg7 4. Bg2 Nc6 5. Ne2
a6 6. Nbc3 b5 7. d3 Rb8 8. O-O d6 9. cxb5 axb5 10. e5 Nxe5 11. d4 Nd7 12. dxc5
dxc5 13. Bc6 b4 14. Ne4 Qc7 15. Qa4 Rb6 16. Bb5 Ngf6 17. Nf4 O-O 18. Nxf6+ Nxf6
19. Be3 Bb7 20. Be2 Qe5 21. Qc2 Rc8 22. Rfd1 g5 23. Nh5 Nxh5 24. Bxh5 Qe6 25.
Be2 Qh3 26. Bf1 Qg4 27. Be2 Qh3 28. Bf1 Qh5 29. Be2 Qxh2+ 0-1

[Event "DMP - III LIGA SZACHOWA SENIOROW PK 2016"]
[Site "Czudec"]
[Date "2016.??.??"]
[Round "9.20"]
[White "Lewicki, Miroslaw"]
[Black "Pasionek, Ariel"]
[Result "1-0"]
[WhiteElo "2319"]
[BlackElo "1959"]
[Annotator "Szachy"]
[PlyCount "119"]
[EventDate "2016.??.??"]

1. e4 {[%emt 0:00:00]} e5 2. Nf3 {[%emt 0:00:00]} Nc6 {[%emt 0:00:00]} 3. Bc4
Bc5 4. O-O Nf6 5. d3 d6 6. c3 O-O 7. Bg5 Bg4 8. h3 Bh5 9. g4 Bg6 10. Nh4 Na5
11. Bb5 Nc6 12. b4 Bb6 13. Bc4 Kh8 14. Qf3 h6 15. Be3 Nh7 16. Ng2 Ne7 17. h4 f6
18. Nd2 Qe8 19. Qg3 Bf7 20. f4 Bxe3+ 21. Nxe3 Bxc4 22. Ndxc4 Rd8 23. Rad1 Qc6
24. Rc1 b6 25. Rf3 exf4 26. Qxf4 d5 27. exd5 Nxd5 28. Nxd5 Qxd5 29. Re1 Rfe8
30. Rfe3 Qd7 31. Kf2 Rxe3 32. Rxe3 Nf8 33. Qe4 Kg8 34. d4 Kf7 35. Qf3 Qd5 36.
Ne5+ Kg8 37. Qxd5+ Rxd5 38. Nc6 Rd7 39. Nxa7 c5 40. Nc6 cxb4 41. Nxb4 Kf7 42.
Kf3 Ne6 43. Ke4 Nc7 44. Kd3 Nd5 45. Nxd5 Rxd5 46. Re2 h5 47. Kc4 Ra5 48. gxh5
Rxh5 49. d5 Rxh4+ 50. Kb5 Rh3 51. c4 Rc3 52. d6 g5 53. Re7+ Kf8 54. Re4 f5 55.
d7 Rd3 56. Re8+ Kf7 57. d8=Q Rxd8 58. Rxd8 g4 59. Kxb6 g3 60. Rd3 1-0

[Event "DMP - III LIGA SZACHOWA SENIOROW PK 2016"]
[Site "Czudec"]
[Date "2016.??.??"]
[Round "9.21"]
[White "Krynicki, Henryk"]
[Black "Mika, Tomasz"]
[Result "1-0"]
[WhiteElo "1758"]
[BlackElo "2051"]
[Annotator "Szachy"]
[PlyCount "87"]
[EventDate "2016.??.??"]

1. e4 {[%emt 0:00:00]} c5 {[%emt 0:00:00]} 2. Nf3 e6 3. d4 cxd4 4. Nxd4 Nf6 5.
Nc3 Nc6 6. Ndb5 d6 7. Bf4 e5 8. Bg5 a6 9. Bxf6 gxf6 10. Na3 b5 11. Nd5 Bg7 12.
c4 b4 13. Nc2 a5 14. Bd3 O-O 15. O-O Rb8 16. b3 Ne7 17. Nce3 Be6 18. Bc2 Ng6
19. Nf5 Bxf5 20. exf5 Ne7 21. Nxe7+ Qxe7 22. Qd5 Qc7 23. Rad1 Rfd8 24. Rd3 Rbc8
25. Rfd1 a4 26. Qf3 axb3 27. Bxb3 h6 28. Qh5 Kh7 29. Rg3 Rg8 30. c5 dxc5 31.
Bxf7 Rcd8 32. Qg6+ Kh8 33. Rxd8 Qxd8 34. h3 Qc8 35. Rg4 e4 36. Rh4 Qf8 37. Rxe4
Qa8 38. Bxg8 Qxg8 39. Re8 Bf8 40. Qxf6+ Bg7 41. Rxg8+ Kxg8 42. Qe6+ Kh8 43. f6
Bf8 44. Qf7 1-0

[Event "DMP - III LIGA SZACHOWA SENIOROW PK 2016"]
[Site "Czudec"]
[Date "2016.??.??"]
[Round "9.23"]
[White "Chmielowski, Dominik"]
[Black "Kucharski, Bartlomiej"]
[Result "0-1"]
[WhiteElo "1595"]
[BlackElo "1667"]
[Annotator "Szachy"]
[PlyCount "69"]
[EventDate "2016.??.??"]

1. d4 {[%emt 0:00:00]} d5 {[%emt 0:00:00]} 2. c4 {[%emt 0:00:00]} dxc4 3. Nc3
e5 4. dxe5 Qxd1+ 5. Nxd1 Nc6 6. e4 Nxe5 7. Bf4 Bd6 8. Bxe5 Bxe5 9. Bxc4 Nf6 10.
f3 Be6 11. Bxe6 fxe6 12. Ne2 O-O-O 13. Ndc3 a6 14. f4 Bxc3+ 15. Nxc3 e5 16.
fxe5 Ng4 17. Rf1 Nxe5 18. Ke2 Rhf8 19. Rxf8 Rxf8 20. Rf1 Rxf1 21. Kxf1 Kd7 22.
Ke2 Kd6 23. h3 c6 24. b3 Nd7 25. Ke3 Ke5 26. a3 b5 27. b4 c5 28. bxc5 Nxc5 29.
g3 g6 30. h4 h5 31. Ne2 Nxe4 32. Nf4 Nxg3 33. Nxg6+ Kf5 34. Ne7+ Kg4 35. Nd5
0-1

[Event "DMP - III LIGA SZACHOWA SENIOROW PK 2016"]
[Site "Czudec"]
[Date "2016.??.??"]
[Round "9.25"]
[White "Lewtak, Damian"]
[Black "Lach, Ireneusz"]
[Result "1-0"]
[WhiteElo "2323"]
[BlackElo "1984"]
[PlyCount "91"]
[EventDate "2016.??.??"]

1. e4 c5 2. Nf3 d6 3. d4 cxd4 4. Qxd4 Nc6 5. Bb5 Bd7 6. Bxc6 Bxc6 7. Nc3 Nf6 8.
Bg5 Nd7 9. O-O-O Qa5 10. Qe3 h6 11. Bf4 g5 12. Bg3 Bg7 13. Nd4 Rc8 14. Kb1 Qc5
15. Rd3 Ne5 16. Bxe5 Bxe5 17. g3 Bxd4 18. Rxd4 e5 19. Rd3 Qxe3 20. Rxe3 Ke7 21.
b4 a6 22. Rd1 Rhd8 23. Kb2 Ke6 24. Red3 Rd7 25. g4 Rh8 26. a4 b6 27. f3 Bb7 28.
R1d2 h5 29. h3 hxg4 30. hxg4 f6 31. Kb3 Rh1 32. Kb2 Rf1 33. Nd1 Bc6 34. Kb3 b5
35. axb5 axb5 36. c4 bxc4+ 37. Kxc4 Rh1 38. Nc3 Rc1 39. b5 Bb7 40. Kb4 Ke7 41.
Rd1 Rxd1 42. Rxd1 Ke6 43. b6 Bc6 44. Nb5 Rd8 45. Rc1 Bxb5 46. Kxb5 1-0

[Event "DMP - III LIGA SZACHOWA SENIOROW PK 2016"]
[Site "Czudec"]
[Date "2016.??.??"]
[Round "9.26"]
[White "Lach, Dariusz"]
[Black "Lewtak, Dominik"]
[Result "0-1"]
[WhiteElo "1795"]
[BlackElo "2065"]
[Annotator "Szachy"]
[PlyCount "71"]
[EventDate "2016.??.??"]

1. d4 {[%emt 0:00:00]} d5 2. Nf3 Nf6 3. c3 Bg4 4. Ne5 Bf5 5. e3 Nbd7 6. f4 e6
7. Be2 h5 8. Nd2 Ne4 9. Nxe4 Bxe4 10. O-O g6 11. Nxd7 Qxd7 12. Bd2 Bd6 13. Be1
Be7 14. Bd3 Bxd3 15. Qxd3 f5 16. h4 c5 17. g3 c4 18. Qc2 Kf7 19. Bd2 Rhc8 20.
a4 Rc6 21. Kg2 Rac8 22. Rfb1 Bd8 23. Kf3 Ra6 24. Kf2 Rcc6 25. Kf3 Ra5 26. Ra2
Rca6 27. Rba1 b5 28. b3 cxb3 29. Qxb3 Rxa4 30. Rxa4 Rxa4 31. Rxa4 bxa4 32. Qb4
Be7 33. Qa5 Qc6 34. Bc1 Qc4 35. Kf2 Qa2+ 36. Kf3 0-1

[Event "DMP - III LIGA SZACHOWA SENIOROW PK 2016"]
[Site "Czudec"]
[Date "2016.??.??"]
[Round "9.28"]
[White "Lach, Mateusz"]
[Black "Kozak, Antoni"]
[Result "0-1"]
[WhiteElo "1426"]
[BlackElo "1932"]
[Annotator "Szachy"]
[PlyCount "104"]
[EventDate "2016.??.??"]

1. d4 {[%emt 0:00:00]} Nf6 {[%emt 0:00:00]} 2. c4 {[%emt 0:00:00]} e6 3. Nc3
Bb4 4. Bd2 O-O 5. e3 c5 6. d5 exd5 7. Nxd5 Nxd5 8. cxd5 Bxd2+ 9. Qxd2 d6 10.
Nf3 Bg4 11. Be2 Nd7 12. h3 Bxf3 13. Bxf3 f5 14. O-O Qf6 15. Qc3 Qf7 16. g3 Nf6
17. Qd3 Qg6 18. a3 Ne4 19. Kh2 Rae8 20. Qd1 Re5 21. Bh5 Qf6 22. f3 Nxg3 23.
Kxg3 Qg5+ 24. Bg4 fxg4 25. hxg4 Rxe3 26. Rc1 Qe5+ 27. Kg2 Re2+ 28. Rf2 Rxf2+
29. Kxf2 Qxb2+ 30. Rc2 Qe5 31. Kg2 Re8 32. Qd2 b6 33. Rb2 Qe3 34. Qc2 Qd4 35.
Rb1 Qxd5 36. Rh1 g6 37. Rd1 Qe6 38. Rd2 d5 39. Qd3 d4 40. Qa6 Re7 41. a4 Qe3
42. Rf2 d3 43. a5 bxa5 44. Qxa5 Qd4 45. Qa6 c4 46. Qc8+ Kg7 47. f4 d2 48. Qc6
d1=Q 49. g5 Qg4+ 50. Kh1 Re1+ 51. Rf1 Qdg1+ 52. Rxg1 Qh3# 0-1

[Event "DMP - III LIGA SZACHOWA SENIOROW PK 2016"]
[Site "Czudec"]
[Date "2016.??.??"]
[Round "9.30"]
[White "Trybowska, Anna"]
[Black "Cyboran, Katarzyna"]
[Result "0-1"]
[WhiteElo "1555"]
[BlackElo "1823"]
[PlyCount "64"]
[EventDate "2016.??.??"]

1. d4 e6 2. c4 f5 3. Nc3 Nf6 4. Nf3 b6 5. e3 Bb7 6. Bd3 Bb4 7. Bd2 O-O 8. a3
Bxc3 9. Bxc3 d6 10. Bc2 Nbd7 11. Qe2 Ne4 12. Qd3 Ndf6 13. h3 a5 14. Qe2 Qe7 15.
O-O Ba6 16. Bd3 Nxc3 17. bxc3 g6 18. Nd2 e5 19. Rfe1 Rfe8 20. Qd1 Kh8 21. Qc2
Rg8 22. Kh1 e4 23. Be2 g5 24. f3 g4 25. fxe4 gxh3 26. gxh3 Qg7 27. Rg1 Qh6 28.
Kh2 Qxe3 29. Bf3 Qf2+ 30. Rg2 Rxg2+ 31. Bxg2 Nxe4 32. Rd1 Rg8 0-1